000 01718nam a2200373Ia 4500
001 ebr10196595
003 CaPaEBR
006 m u
007 cr cn|||||||||
008 070724s2007 ne a sb 101 0 eng d
010 _z 2006938558
015 _aGBA759182
_2bnb
020 _z9781586037048 (cased)
040 _aCaPaEBR
_cCaPaEBR
035 _a(OCoLC)298790724
050 1 4 _aRC569.5.T47
_bI58 2007eb
082 0 4 _a362.88
_222
111 2 _aNATO Advanced Research Workshop on Integration of People Experience Trauma After Terrorist Attacks into Modern Society
_d(2006 :
_cAnkara, Turkey)
245 1 4 _aThe integration and management of traumatized people after terrorist attacks
_h[electronic resource] /
_cedited by Suat Begec.
260 _aAmsterdam ;
_aOxford :
_bIOS Press,
_cc2007.
300 _axii, 251 p. :
_bill.
490 1 _aNATO security through science series. E, Human and societal dynamics ;
_vvol. 15
504 _aIncludes bibliographical references and index.
533 _aElectronic reproduction.
_bPalo Alto, Calif. :
_cebrary,
_d2009.
_nAvailable via World Wide Web.
_nAccess may be limited to ebrary affiliated libraries.
650 0 _aVictims of terrorism
_vCongresses.
650 0 _aPsychic trauma
_vCongresses.
650 0 _aSocial integration
_vCongresses.
655 7 _aElectronic books.
_2local
700 1 _aBegec, Suat.
710 2 _aNorth Atlantic Treaty Organization.
_bPublic Diplomacy Division.
710 2 _aebrary, Inc.
830 0 _aNATO security through science series.
_nE,
_pHuman and societal dynamics ;
_vv. 15.
856 4 0 _uhttp://site.ebrary.com/lib/rucke/Doc?id=10196595
_zAn electronic book accessible through the World Wide Web; click to view
999 _c115600
_d115600